A jelen dokumentumai. (Bukarest-Kolozsvár-Budapest)
Elmentve itt :
| Szerző: | |
|---|---|
| Adatforrás: | Meister |
| Forrásdokumentuma: | A Hét. - 13 sz., 1995, 1 p. |
| Nyelv: | magyar |
| Kulcsszavak: | politikai interjú sajtó magyar-román kapcsolatok KONRÁD György POMOGÁTS Béla ANDREESCU Gabriel Korunk Cumpana Magyar Köztársaság Kulturális Központja (Bukarest) |
| LEADER | 00623nab a2200217 i 4500 | ||
|---|---|---|---|
| 001 | bibPRO00005887 | ||
| 008 | 060524s1995 xx hun | ||
| 040 | |a Sz1 | ||
| 041 | |a hun | ||
| 100 | 1 | |a KÁNTOR Lajos | |
| 245 | 1 | 2 | |a A jelen dokumentumai. (Bukarest-Kolozsvár-Budapest) |c KÁNTOR Lajos |
| 695 | |a politikai interjú | ||
| 695 | |a sajtó | ||
| 695 | |a magyar-román kapcsolatok | ||
| 695 | |a KONRÁD György | ||
| 695 | |a POMOGÁTS Béla | ||
| 695 | |a ANDREESCU Gabriel | ||
| 695 | |a Korunk | ||
| 695 | |a Cumpana | ||
| 695 | |a Magyar Köztársaság Kulturális Központja (Bukarest) | ||
| 773 | 0 | |t A Hét. - |g 13 sz., 1995, 1 p. | |